00394nam a2200121Ia 4500008004100000100002000041245005800061245003600119260000900155300002900164440004200193650003700235171207s9999 xx 000 0 und d aAlvi, Farzad H. aStrategic Entrepreneurial Agency in Emerging Markets  cFarzad H. Alvi, Alan L. Carsrud c2017 apages 77-101, March 2017 aThe Journal of Entrepreneurshipv26:1 aSTRATEGIC ENTREPRENEURIAL AGENCY